00592nam a2200157 a 450000100100000000500170001000800410002704000250006808200150009310000380010824500740014626000480022030000360026895201130030499900170041700003596020200930074744.0111121d1970 dr ac 000 0 spa d aDO-SdBNPbspacBNPHU axxxbC348m1 aCastellanos y Ortega, Nyna95949510aMúsica para la enseñanza secundaria /cNyna Castellanos y Ortega. aSanto Domingo :bEditora del Caribe,c1970. a277 p. :bil., retrs. ;c23 cm. 0010718PDaPDbPDcCTd2011-11-21iLF1l0oxxx C348mp35960-10r2020-06-25w2020-06-25yLFPDZNo se presta c35451d35451